Life in 20 different languages - Statistics

General Stats
  • This quiz has been taken 49 times
  • The average score is 11 of 20
Answer Stats
Life Language % Correct
Vie French
86%
生活 (shēnghuó) Japanese/Chinese
86%
حياة (Haya) Arabic
83%
живот (Život) Bulgarian/Macedonian/Serbian
80%
생명 (saengmyeong) Korean
80%
ζωή (Zoi) Greek
77%
जिंदगी (jindagee) Hindi
77%
Vitae Latin
77%
đời sống Vietnamese
74%
Viaţă Romanian
69%
Bywyd Welsh
60%
Hayat Turkish
54%
Kehidupan Indonesian/Malay
51%
Liv Danish/Swedish/Norwegian
49%
амьдрал (amidral) Mongolian
37%
Beatha Scots Gaelic
29%
Lewe Afrikaans
23%
Maisha Swahili
20%
Vivo Esperanto
11%
Coivië Quenya
11%
No matching quizzes found
Score Distribution
Percent of People with Each Score
Percentile by Number Answered
Your Score History
You have not taken this quiz